[Event "Online Olym Div3 D"]
[Site "Chess.com INT"]
[Date "2020.08.09"]
[Round "7.5"]
[White "Boydia, Sidi"]
[Black "White, Rushawn"]
[Result "0-1"]
[WhiteElo "2040"]
[BlackElo "1743"]
[PlyCount "64"]
[EventDate "2020.08.07"]
[EventType "team-tourn (rapid)"]
[EventRounds "9"]
[EventCountry "USA"]
[SourceTitle "CBM 198"]
[Source "ChessBase"]
[SourceDate "2020.10.31"]
[SourceVersion "1"]
[SourceVersionDate "2020.10.31"]
[SourceQuality "1"]
[WhiteTeam "Mauritania"]
[BlackTeam "Jamaica"]
[WhiteTeamCountry "MAU"]
[BlackTeamCountry "JAM"]

1. e4 e6 2. d4 d5 3. exd5 exd5 4. Bd3 c5 5. dxc5 Bxc5 6. Nf3 Nf6 7. 0-0 0-0 8. Bg5 h6 9. Bh4 Nc6 10. Nbd2 Re8 11. Nb3 Bb6 12. Re1 g5 13. Bg3 Ne4 14. c3 Bg4 15. Qc2 f5 16. Nfd4 f4 17. f3 fxg3 18. fxg4 gxh2+ 19. Kxh2 Qd6+ 20. Kg1 Nxd4 21. Nxd4 Bc7 22. Nf3 Qf4 23. Re2 Ng3 24. Rf2 Qxg4 25. Bh7+ Kh8 26. Qg6 Re7 27. Qf6+ Rg7 28. Bd3 Qh5 29. Nh2 Bb6 30. Re1 Kg8 31. Qe6+ Rf7 32. Ng4 Qh1# 0-1

[Event "Online Olym Div3 D"]
[Site "Chess.com INT"]
[Date "2020.08.07"]
[Round "3.3"]
[White "Martinez Reyes, Pedro Ramon"]
[Black "White, Rushawn"]
[Result "1-0"]
[WhiteElo "2422"]
[BlackElo "1743"]
[PlyCount "111"]
[EventDate "2020.08.07"]
[EventType "team-tourn (rapid)"]
[EventRounds "9"]
[EventCountry "USA"]
[SourceTitle "CBM 198"]
[Source "ChessBase"]
[SourceDate "2020.10.31"]
[SourceVersion "1"]
[SourceVersionDate "2020.10.31"]
[SourceQuality "1"]
[WhiteTeam "Venezuela"]
[BlackTeam "Jamaica"]
[WhiteTeamCountry "VEN"]
[BlackTeamCountry "JAM"]

1. Nf3 e6 2. b3 d5 3. Bb2 Nf6 4. e3 c5 5. c4 Nc6 6. cxd5 exd5 7. Bb5 Bd6 8. 0-0 Bg4 9. d4 cxd4 10. Qxd4 0-0 11. Bxc6 bxc6 12. Nbd2 Re8 13. Qa4 Ne4 14. Nxe4 Rxe4 15. Qxc6 Bxf3 16. gxf3 Re6 17. Qc3 Bxh2+ 18. Kh1 Qg5 19. Qxg7+ Qxg7 20. Bxg7 Kxg7 21. Kxh2 Rh6+ 22. Kg2 Rg6+ 23. Kh3 Kf6 24. Rg1 Rh6+ 25. Kg2 Rg8+ 26. Kf1 Rc8 27. Rg4 Rh1+ 28. Rg1 Rh2 29. Ke1 Rc2 30. Rf1 h5 31. Rd1 Rxa2 32. Rxd5 h4 33. Rd2 Ra3 34. Ke2 Rxb3 35. f4 a5 36. Kf3 a4 37. Ra1 a3 38. Rda2 Ke6 39. Rxa3 Rxa3 40. Rxa3 f5 41. Ra6+ Ke7 42. Rg6 Rh1 43. Kg2 Ra1 44. Rh6 Ra8 45. Rxh4 Ra3 46. Rh6 Ra2 47. Kg3 Ra3 48. Kh4 Ra2 49. Kg5 Rxf2 50. Kxf5 Rc2 51. e4 Rc1 52. e5 Re1 53. Rh7+ Ke8 54. Kf6 Rf1 55. f5 Kf8 56. Rh8# 1-0